000 00962cab a2200277 4500
001 WB3044-28
008 090401t1994 xxu||||| |||| 00| 0 eng d
035 _a(Sirsi) u10273
041 _aeng
245 _aAssociations pylon the pressure
260 _c1994
350 _a0
490 _aPlanning (for the Natural and Built Environment)
_v(1095) 18 November 1994, 26(1)
520 _aChildren who live beneath electricity pylons could be three times more likely to develop leukaemia according to speakers at a conference organised by the Association of Metropolitan Authorities and the Association of District Councils.
650 _aCANCER
650 _aELECTRICITY
650 _aELECTROMAGNETIC FIELDS
650 _aELECTROMAGNETIC RADIATION
650 _aHEALTH HAZARDS
650 _aOVERHEAD POWER LINES
650 _aPOWER LINES
650 _aPYLONS
690 _aENVIRONMENTAL AND LAND CONSULTANCY
942 _n0
948 _c04/03/1997
999 _c6459
_d6459